Central Library OPAC University of Rajshahi

বিভূতি-রচনাবলী / (Record no. 44879)

MARC details
000 -LEADER
fixed length control field 01030nam a2200241 a 4500
001 - CONTROL NUMBER
control field 44879
003 - CONTROL NUMBER IDENTIFIER
rucl marc code BD-RjUL
005 - DATE AND TIME OF LATEST TRANSACTION
control field 20230808145549.0
008 - FIXED-LENGTH DATA ELEMENTS--GENERAL INFORMATION
fixed length control field 160720s1962 I a|||| |||| 00| 0 ben d
020 ## - INTERNATIONAL STANDARD BOOK NUMBER
Terms of availability : TK 14.00
035 ## - SYSTEM CONTROL NUMBER
System control number (BD-RjUL)ben
040 ## - CATALOGING SOURCE
Original cataloging agency BD-RjUL
Language of cataloging ben
Transcribing agency BD-RjUL
041 ## - LANGUAGE CODE
Language code of text/sound track or separate title ben
082 ## - DEWEY DECIMAL CLASSIFICATION NUMBER
Edition number 23
Classification number 891.4408
Author mark and year BOB 1972
100 1# - MAIN ENTRY--PERSONAL NAME
Personal name বন্দোপাধ্যায়, বিভূতিভূষণ
9 (RLIN) 126208
245 10 - TITLE STATEMENT
Title বিভূতি-রচনাবলী /
Statement of responsibility, etc. বিভূতিভূষণ বন্দোপাধ্যায়
260 ## - PUBLICATION, DISTRIBUTION, ETC. (IMPRINT)
Place of publication, distribution, etc. কলিকাতা :
Name of publisher, distributor, etc. মিত্র ও ঘোষ,
Date of publication, distribution, etc. ১৯৭২
300 ## - PHYSICAL DESCRIPTION
Pagination খণ্ড.
Illustrations চিত্র ;
Size ২৫ সেমি.
505 0# - FORMATTED CONTENTS NOTE
Formatted contents note ৪খণ্ড --খণ্ড ৭ম-- খণ্ড ৮ম --খণ্ড ১১তম--খণ্ড ১৩তম --
650 ## - SUBJECT ADDED ENTRY--TOPICAL TERM
Topical term or geographic name as entry element বাংলা সাহিত্য
General subdivision সংগ্রহমালা
9 (RLIN) 136852
Topical term or geographic name as entry element Bengali Literature
General subdivision Collected Works
9 (RLIN) 137523
942 ## - ADDED ENTRY ELEMENTS (KOHA)
Source of classification or shelving scheme Dewey Decimal Classification
Koha item type Books
Holdings
Lost status Source of classification or shelving scheme Damaged status Not for loan Collection code Permanent Location Current Location Shelving location Date acquired Source of acquisition Cost, normal purchase price Total Checkouts Full call number Date last seen Copy number Koha item type Date checked out
  Dewey Decimal Classification     Fiction Central Library, University of Rajshahi Central Library, University of Rajshahi   08/08/1973 India Govt. 20.00   B 891.4408 BOB V-11 1972 20/07/2016 C-2 Books  
  Dewey Decimal Classification     Non-fiction Central Library, University of Rajshahi Central Library, University of Rajshahi   28/05/1990 Karim Int., Dhaka 45.00   B 891.4408 BOB V-9 1972 20/08/2016 C-2 Books  
  Dewey Decimal Classification     Non-fiction Central Library, University of Rajshahi Central Library, University of Rajshahi   28/05/1990 Karim Int., Dhaka 50.00   B 891.4408 BOB V-10 1972 20/08/2016 C-2 Books  
  Dewey Decimal Classification     Non-fiction Central Library, University of Rajshahi Central Library, University of Rajshahi   28/05/1990 Karim Int., Dhaka 50.00   B 891.44084 BOB V-7 1972 20/08/2016 C-2 Books  
  Dewey Decimal Classification     Non-fiction Central Library, University of Rajshahi Central Library, University of Rajshahi   08/10/1974 Johnathan wren & co 50.00 2 B 891.4408 BOB V-5 1972 26/02/2025 C-2 Books 09/02/2025
  Dewey Decimal Classification     Non-fiction Central Library, University of Rajshahi Central Library, University of Rajshahi   19/09/1973 K.P.Bagchi,Kalkata 50.00 2 B 891.4408 BOB V-7 1972 24/12/2025 C-3 Books 23/12/2025
  Dewey Decimal Classification     Non-fiction Central Library, University of Rajshahi Central Library, University of Rajshahi   28/05/1990 Karim International 50.00 1 B 891.4408 BOB V-4 1972 23/05/2024 C-2 Books 21/05/2024
  Dewey Decimal Classification   Not For Loan Non-fiction Central Library, University of Rajshahi Central Library, University of Rajshahi Reading Room 08/10/1974 Johnathan wren & co 16.00   B891.4408 BOB V-7 1972 19/02/2017 C-1 Books